|
|
|
|
| LEADER |
01159nam a2200265 a 4500 |
| 001 |
GR-MES10594 |
| 008 |
060831s gr b 001 0 gre d |
| 020 |
|
|
|a 0273655507
|
| 040 |
|
|
|a GrPaTEI
|b gre
|c GR-PaULI
|
| 040 |
|
|
|a GrPaTEI
|b gre
|c GR-PaULI
|
| 082 |
|
0 |
|a 657
|2 21
|
| 100 |
1 |
|
|a McLaney, E. J.
|
| 245 |
1 |
0 |
|a Accounting :
|b An introduction /
|c Eddie McLaney / Peter Atrill.
|
| 250 |
|
|
|a 2nd ed.
|
| 260 |
|
|
|a Harlow,England :
|b Prentice Hall/Financial Times,
|c 2002
|
| 300 |
|
|
|a xxv
|a 666σ. :
|b εικ.
|
| 504 |
|
|
|a Περιλαμβάνει βιβλιογραφίες και ευρετήριο.
|
| 650 |
|
0 |
|a Accounting
|
| 650 |
|
4 |
|a Λογιστική
|
| 700 |
1 |
|
|a Atrill, Peter
|
| 942 |
|
|
|2 ddc
|
| 952 |
|
|
|0 0
|1 0
|2 ddc
|4 0
|6 657_000000000000000_MCL
|7 0
|9 269959
|a MSLG
|b MSLG
|c BSC
|d 2021-01-17
|e 24
|f 0
|g 0.00
|l 0
|o 657 MCL
|p 2420000020450
|r 2021-01-17 00:00:00
|t 1
|w 2021-01-17
|y BK15
|x 20060831 0 1
|x GrPaTEI
|
| 952 |
|
|
|0 0
|1 0
|2 ddc
|4 0
|6 657_000000000000000_MCL
|7 0
|9 269960
|a MSLG
|b MSLG
|c BSC
|d 2021-01-17
|e 24
|f 0
|g 0.00
|l 0
|o 657 MCL
|p 2420000020459
|r 2021-01-17 00:00:00
|t 1
|w 2021-01-17
|y BK15
|x 20060831 0 1
|x GrPaTEI
|
| 971 |
|
|
|a .b25766417
|b 01-10-20
|c 13-09-16
|
| 999 |
|
|
|c 155867
|d 155867
|